Fundamentals Of Financial Instruments (Record no. 43084)

MARC details
000 -LEADER
fixed length control field 00313nam a2200121Ia 4500
008 - FIXED-LENGTH DATA ELEMENTS--GENERAL INFORMATION
fixed length control field 241028s9999 xx 000 0 und d
041 ## - LANGUAGE CODE
Language code of text/sound track or separate title eng
082 ## - DEWEY DECIMAL CLASSIFICATION NUMBER
Classification number 332.6 PAR
100 ## - MAIN ENTRY--PERSONAL NAME
Personal name Parameswaran
245 ## - TITLE STATEMENT
Title Fundamentals Of Financial Instruments
260 ## - PUBLICATION, DISTRIBUTION, ETC.
Name of publisher, distributor, etc. Wiley India
Place of publication, distribution, etc. New Delhi
Date of publication, distribution, etc. 2020
300 ## - PHYSICAL DESCRIPTION
Extent 496;. P. 22 cm
Holdings
Withdrawn status Lost status Damaged status Not for loan Home library Current library Shelving location Date acquired Cost, normal purchase price Full call number Barcode Date last seen Cost, replacement price Price effective from Koha item type
        IMTN IMTN Rack 10-A 07/03/2024 590.85 332.6 PAR 33513 10/28/2024 909.00 10/28/2024 Books
Designed & Maintained by: LRC IMT Nagpur Contact: lrc@imtnag.ac.in© 2024. All Rights Reserved.